| 000 | 01204nam a2200337 u 4500 | ||
|---|---|---|---|
| 001 | 000002659 | ||
| 003 | DO-SdBPM | ||
| 005 | 20260114120232.0 | ||
| 007 | ta | ||
| 008 | 090703s2008 dr r 000 0bspa d | ||
| 020 | _a9789945068801 | ||
| 040 |
_aDO-SdBPM _bspa _cBPMSU _drda |
||
| 082 | 4 |
_a928.61 _bD218S 2008 _222 |
|
| 100 | 1 |
_aSantos Grimaldi, Rocío Eleanor de los, _d1969- _eautora _4aut. |
|
| 245 | 1 | 0 |
_aRubén Darío : _bun hombre y la transformación de la poesía universal / _cRocío Eleanor de los Santos Grimaldi. |
| 264 |
_aSanto Domingo : _bSantuario, _c2008. |
||
| 300 |
_a94 páginas ; _c21 cm. |
||
| 336 |
_atexto _btxt _2rdacontent |
||
| 337 |
_asin mediación _bn _2rdamedia |
||
| 338 |
_avolumen _bnc _2rdacarrier |
||
| 490 | 0 | _aSantuario | |
| 500 | _aIncluye datos biográficos de la autora en la solapa de la cubierta | ||
| 504 | _aBibliografía : páginas 91-92 | ||
| 590 | _aInventariado, 2026/VM | ||
| 600 | 1 | 7 |
_aDarío, Rubén _d1867-1916 _xCrítica e interpretación |
| 650 | 7 |
_aPoetas nicaraguenses _vBiografías |
|
| 650 | 7 | _aLiteratura nicaraguense | |
| 651 | 7 |
_aNicaragua _vBiografías |
|
| 910 | _aVMateo V. Control de calidad BPMSU | ||
| 942 |
_2ddc _cBK |
||
| 999 |
_c15601 _d15601 |
||